Southville International School and Colleges
Your cart is empty.
  • Cart
  • Lists
    Public lists Eva Luna New books Lux_list list_1
    Your lists Log in to create your own lists
  • Log in to your account
  • Your cookies
  • Search history
Southville International School and Colleges
  • Advanced search
  • Recent comments
  • Most popular
  • Libraries

Log in to your account

Log in with GOOGLE


If you do not have an external account, but do have a local account, you can still log in:

  1. Home
  2. MARC view: Philippine history and government through the years /
Normal view MARC view ISBD view

Philippine history and government through the years / (Record no. 292265)

[ view plain ]
MARC details
000 -LEADER
fixed length control field 00560nam a2200193Ia 4500
008 - FIXED-LENGTH DATA ELEMENTS--GENERAL INFORMATION
fixed length control field 160319s9999 xx 000 0 und d
020 ## - INTERNATIONAL STANDARD BOOK NUMBER
International Standard Book Number 9710863444
050 ## - LIBRARY OF CONGRESS CALL NUMBER
Classification number 959.9
050 ## - LIBRARY OF CONGRESS CALL NUMBER
Item number Z93p 2003
100 ## - MAIN ENTRY--PERSONAL NAME
Personal name Zulueta, Francisco M.
245 ## - TITLE STATEMENT
Title Philippine history and government through the years /
245 ## - TITLE STATEMENT
Statement of responsibility, etc Francisco M. Zulueta, Abriel M. Nebres.
260 ## - PUBLICATION, DISTRIBUTION, ETC. (IMPRINT)
Place of publication, distribution, etc Mandaluyong :
260 ## - PUBLICATION, DISTRIBUTION, ETC. (IMPRINT)
Name of publisher, distributor, etc National Bookstore.
260 ## - PUBLICATION, DISTRIBUTION, ETC. (IMPRINT)
Date of publication, distribution, etc 2003
300 ## - PHYSICAL DESCRIPTION
Extent 347 pages :
650 ## - SUBJECT ADDED ENTRY--TOPICAL TERM
Topical term or geographic name as entry element History -- Philippines.
650 ## - SUBJECT ADDED ENTRY--TOPICAL TERM
Topical term or geographic name as entry element Philippine -- History and government.
Holdings
Withdrawn status Lost status Damaged status Home library Current library Shelving location Date acquired Total Checkouts Full call number Barcode Date last seen Price effective from Koha item type
      Stonyhurst Southville International School (Batangas) Stonyhurst Southville International School (Batangas) Filipiniana Section 03/19/2016   Fil 959.9 Z93p 2003 US 0337 03/19/2016 03/19/2016 Books

Philippine history and government through the years /

APA

Zulueta F. M., .Philippine history and government through the years. Mandaluyong: .

Chicago

Zulueta Francisco M, .Philippine history and government through the years. Mandaluyong: .

Harvard

Zulueta F. M., .Philippine history and government through the years. Mandaluyong: .

MLA

Zulueta Francisco M, .Mandaluyong: . .

  • Place hold
  • Print
  • Cite
  • Add to your cart (remove)
  • Save record
    BIBTEX Dublin Core MARCXML MARC (non-Unicode/MARC-8) MARC (Unicode/UTF-8) MARC (Unicode/UTF-8, Standard) MODS (XML) RIS
  • More searches
    Search for this title in:
    Other Libraries (WorldCat) Other Databases (Google Scholar) Online Stores (Bookfinder.com) Open Library (openlibrary.org)

Exporting to Dublin Core...

SOUTHVILLE LIBRARY

Southville International School and Colleges Library

1281 Tropical Ave. Cor. Luxembourg St., BF Homes International, Las Pinas City

Tel. No. 8256374 / 252358 Loc. 117/146

Powered by Koha